书目信息 |
| 题名: |
电动自行车自我维护
|
|
| 作者: | 全学方 , 钱存建 编著 ;詹钦阳 摄影 | |
| 分册: | ||
| 出版信息: | 北京 农村读物出版社 2005 |
|
| 页数: | 95页 | |
| 开本: | 21cm | |
| 丛书名: | ||
| 单 册: | ||
| 中图分类: | U484.07 | |
| 科图分类: | ||
| 主题词: | 电动自行车--保养 | |
| 电子资源: | ||
| ISBN: | 7-5048-4540-X | |
| 000 | 01147nam0 2200325 450 | |
| 000 | 01110nam0 2200313 450 | |
| 000 | 01079nam0 2200313 450 | |
| 000 | 01025nam0 2200289 450 | |
| 000 | 01043nam0 2200277 450 | |
| 000 | 01006nam0 2200265 45 | |
| 001 | TS2006030215 | |
| 005 | 20061210151021.04 | |
| 010 | @a7-5048-4540-X@dCNY18.00 | |
| 100 | @a20060829d2005 em y0chiy0120 ea | |
| 101 | 0 | @achi |
| 102 | @aCN@b110000 | |
| 105 | @aa z 000yy | |
| 200 | 1 | @a电动自行车自我维护@ADian Dong Zi Xing Che Zi Wo Wei Hu@e用户维护宝典@EYong Hu Wei Hu Bao Dian@f全学方, 钱存建编著@FQuan Xue Fang , Qian Cun Jian Bian Zhu@g詹钦阳摄影 |
| 210 | @a北京@c农村读物出版社@d2005 | |
| 215 | @a95页@c彩图@d21cm@e光盘1片 | |
| 510 | 1 | @aSlef-Maintenance of Eleetrie Bicycle@zeng |
| 606 | 0 | @a电动自行车@x保养 |
| 690 | @aU484.07@v4 | |
| 701 | 0 | @a全学方@AQuan Xue Fang@4编著 |
| 701 | 0 | @a钱存建@AQian Cun Jian@4编著 |
| 702 | 0 | @a詹钦阳@AZhan Qin Yang@4摄影 |
| 801 | 0 | @aCN@b中图数据@c20061210 |
| 905 | @a10447@dU484.07@e145 | |
| 电动自行车自我维护:用户维护宝典/全学方, 钱存建编著/詹钦阳摄影.-北京:农村读物出版社,2005 |
| 95页:彩图;21cm+光盘1片 |
| ISBN 7-5048-4540-X:CNY18.00 |
| ● |
| 相关链接 |
|
|
|
|
正题名:电动自行车自我维护
索取号:U484.07/145
 
预约/预借
| 序号 | 登录号 | 条形码 | 馆藏地/架位号 | 状态 | 备注 |
| 1 | 0603737 | 206037377 | 第二样本阅览室/ [索取号:U484.07/145] | 在馆 | |
| 2 | 0603738 | 206037386 | 第三借阅区/ [索取号:U484.07/145] | 在馆 | |
| 3 | 0603739 | 206037395 | 第三借阅区/ [索取号:U484.07/145] | 在馆 | |
| 4 | 0603740 | 206037402 | 第三借阅区/ [索取号:U484.07/145] | 在馆 | |
| 5 | 0603741 | 206037411 | 第三借阅区/ [索取号:U484.07/145] | 在馆 |